Monitoring obsahu formaldehydu vo výrobe drevných kompozitov

Na minha lista:
Detalhes bibliográficos
Autor principal: Repáňová, Zuzana, 1991- (Author)
Outros Autores: Tiňo, Radko, 1974- (Thesis advisor)
Formato: Manuscrito Livro
Idioma:eslovaco
inglês
Publicado em: 2015
Assuntos:
Acesso em linha:http://is.stuba.sk/zp/portal_zp.pl?podrobnosti=113202
Tags: Adicionar Tag
Sem tags, seja o primeiro a adicionar uma tag!

MARC

LEADER 00000ntm a22000003a 4500
001 stuzp51500
003 SK-STU
005 20160719153856.9
007 ta
008 150427s2015----xo-----f-mn---000-0-slo-d
040 |a STU  |b slo 
041 0 |a eng 
100 1 |a Repáňová, Zuzana,  |d 1991-  |u 049380  |4 aut  |U FCHPT Ústav prírodných a syntetických polymérov  |T FCHPT Oddelenie dreva, celulózy a papiera  |X 44190  |U C9380  |Y 129  |7 A0000044190 
242 0 1 |a Monitoring obsahu formaldehydu vo výrobe drevných kompozitov  |y slo 
245 1 0 |a Monitoring obsahu formaldehydu vo výrobe drevných kompozitov 
260 |c 2015 
650 4 |a drevotrieskové dosky  |2 slo 
650 4 |a sušenie vstupného materiálu  |2 slo 
650 4 |a perforátorová metóda  |2 slo 
650 4 |a formaldehyd  |2 slo 
650 4 |a particleboards  |2 eng 
650 4 |a drying process of input material  |2 eng 
650 4 |a formaldehyde  |2 eng 
650 4 |a perforator method  |2 eng 
700 1 |a Tiňo, Radko,  |d 1974-  |4 ths  |X 3954  |7 A000003954 
856 4 |u http://is.stuba.sk/zp/portal_zp.pl?podrobnosti=113202 
SQL |a stuzp51500  |b DDP  |c ENG  |d Monitoring obsahu formaldehydu vo výrobe drevných kompozitov  |e 44190  |f Repáňová, Zuzana  |g 049380  |h 3954  |i Tiňo, Radko  |j 20150609  |k 542  |l 04  |m http://is.stuba.sk/zp/portal_zp.pl?podrobnosti=113202  |n I-PSP  |o 5.2.18. chemické technológie